=LDR 00000nam 2200000 4500 =001 INLIS000000000049390 =005 20170214115207.0 =006 =007 =008 =020 ##$$a 978-602-7686-42-8 =035 ##$$0010-021700000000182 =040 ##$$a NBPDMAT =082 ##$$a 899.221 308 1 =090 ##$$a 899.221 308 1 Hai t =100 ##$$a Hairudin =245 ##$$a Teratai samawa / $c Hairudin , S.pd ; edotor Ahmad Sirulhaq , MA =260 ##$$a Pringgabaya : KSU Primaguna, $c 2011 =300 ##$$a iii, 78 hlm . : $b ilus . ; $c 20 cm =650 ##$$a Fiksi Sejarah =700 ##$$a Ahmad Sirulhaq